000 00249nam a2200109Ia 4500
001 1287199
005 20260417164412.0
008 260417s9999 xx 000 0 und d
020 _a9786054737802
245 0 _aGece Uçuşu
260 _bDokuz Çocuk
999 _c1287199
_d1287199